Missiology. (Record no. 44723)

MARC details
000 -LEADER
fixed length control field 01878cas a2200517 4500
001 - CONTROL NUMBER
control field 11171742
003 - CONTROL NUMBER IDENTIFIER
control field OSt
005 - DATE AND TIME OF LATEST TRANSACTION
control field 20150616100032.0
007 - PHYSICAL DESCRIPTION FIXED FIELD--GENERAL INFORMATION
fixed length control field t|
008 - FIXED-LENGTH DATA ELEMENTS--GENERAL INFORMATION
fixed length control field 731115c19739999enkqr p 0 a0eng
010 ## - LIBRARY OF CONGRESS CONTROL NUMBER
LC control number 73644873
016 7# - NATIONAL BIBLIOGRAPHIC AGENCY CONTROL NUMBER
Record control number 011764969
Source Uk
022 0# - INTERNATIONAL STANDARD SERIAL NUMBER
International Standard Serial Number 0091-8296
Source 2
035 ## - SYSTEM CONTROL NUMBER
System control number (OCoLC)ocm01787681
037 ## - SOURCE OF ACQUISITION
Source of stock number/acquisition Lorraine Pellon, Business Manager, P.O. Box 1041, New Canaan, Conn., 06840
040 ## - CATALOGING SOURCE
Original cataloging agency DLC
Language of cataloging eng
Transcribing agency DLC
Modifying agency OCoLC
-- NSDP
-- NST
-- AIP
-- NSDP
-- NST
-- MH
-- OCoLC
-- DLC
-- OCoLC
-- ATLA
-- OCoLC
-- CaQQL
-- ZP2
-- OCoLC
-- UKMGB
-- UkLSOA
-- OCoLC
-- DLC
-- OCLCO
-- DLC
042 ## - AUTHENTICATION CODE
Authentication code pcc
-- nsdp
050 00 - LIBRARY OF CONGRESS CALL NUMBER
Classification number BV2000
Item number .M55
082 04 - DEWEY DECIMAL CLASSIFICATION NUMBER
Classification number 266/.007
210 0# - ABBREVIATED TITLE
Abbreviated title Missiology
222 #0 - KEY TITLE
Key title Missiology
245 00 - TITLE STATEMENT
Title Missiology.
260 ## - PUBLICATION, DISTRIBUTION, ETC. (IMPRINT)
Place of publication, distribution, etc [Wilmore, Ky, etc.,
Name of publisher, distributor, etc American Society of Missiology]
300 ## - PHYSICAL DESCRIPTION
Extent v.
Other physical details ill.
Dimensions 23 cm.
310 ## - CURRENT PUBLICATION FREQUENCY
Current publication frequency Quarterly
362 0# - DATES OF PUBLICATION AND/OR SEQUENTIAL DESIGNATION
Dates of publication and/or sequential designation v. 1- Jan. 1973-
500 ## - GENERAL NOTE
General note "An international review."
500 ## - GENERAL NOTE
General note Vols. for <Jan. 2013- > published for the American Society of Missiology by Sage Publications.
530 ## - ADDITIONAL PHYSICAL FORM AVAILABLE NOTE
Additional physical form available note Also issued in online ed.
590 ## - LOCAL NOTE (RLIN)
Local note SERBIB/SERLOC merged record
610 24 - SUBJECT ADDED ENTRY--CORPORATE NAME
Corporate name or jurisdiction name as entry element American Society of Missiology.
Form subdivision Periodicals.
650 #0 - SUBJECT ADDED ENTRY--TOPICAL TERM
Topical term or geographic name as entry element Missions
Form subdivision Periodicals.
650 #6 - SUBJECT ADDED ENTRY--TOPICAL TERM
Topical term or geographic name as entry element Missiologie
Form subdivision Périodiques.
650 #6 - SUBJECT ADDED ENTRY--TOPICAL TERM
Topical term or geographic name as entry element Missions
Form subdivision Périodiques.
710 2# - ADDED ENTRY--CORPORATE NAME
Corporate name or jurisdiction name as entry element American Society of Missiology.
776 1# - ADDITIONAL PHYSICAL FORM ENTRY
Title Missiology (Online)
Record control number (DLC) 2004221990
-- (OCoLC)57346936
776 08 - ADDITIONAL PHYSICAL FORM ENTRY
Display text Online version:
Title Missiology
Record control number (OCoLC)759933613
780 02 - PRECEDING ENTRY
Title Practical anthropology
International Standard Serial Number 0032-633X
Record control number (DLC) 63038045
-- (OCoLC)1762756
906 ## - LOCAL DATA ELEMENT F, LDF (RLIN)
a 7
b cbc
c serials
d 3
e ncip
f 19
g n-oclcserc
942 ## - ADDED ENTRY ELEMENTS (KOHA)
Source of classification or shelving scheme Library of Congress Classification
Koha item type Serials
Holdings
Withdrawn status Lost status Source of classification or shelving scheme Damaged status Not for loan Home library Current library Date acquired Total Checkouts Full call number Barcode Date last seen Price effective from Koha item type
    Library of Congress Classification     Bishop Okullu Memorial Library (Limuru Campus) Bishop Okullu Memorial Library (Limuru Campus) 16/06/2015   BV2000 .M55 SER0046 16/06/2015 16/06/2015 Serials